व्यावहारिक हिंदी व्याकरण भाषा-ज्ञान और रचना / (Record no. 56279)

MARC details
000 -LEADER
fixed length control field 01269nam a22002657a 4500
005 - DATE AND TIME OF LATEST TRANSACTION
control field 20081117123210.0
008 - FIXED-LENGTH DATA ELEMENTS--GENERAL INFORMATION
fixed length control field 081117t xxu||||| |||| 00| 0 hin d
010 ## - LCCN (DPL NO)
LC control number HIN-93871
020 ## - INTERNATIONAL STANDARD BOOK NUMBER
Terms of availability 240.00
International Standard Book Number 9789380523200
035 ## - SYSTEM CONTROL NUMBER
System control number HN-66217
037 ## - SOURCE OF ACQUISITION
Source of stock number/acquisition DBAD / PUB
040 ## - CATALOGING SOURCE
Original cataloging agency DPL
Language of cataloging HN
082 ## - DEWEY DECIMAL CLASSIFICATION NUMBER
Classification number 425
245 ## - TITLE STATEMENT
Title व्यावहारिक हिंदी व्याकरण भाषा-ज्ञान और रचना /
Statement of responsibility, etc राघव प्रकाश... (आदि)
246 ## - VARYING FORM OF TITLE
Remainder of title by Sulochanaa Srihari Deshpande
Title proper/short title Vyaavahaarika Hindi vyaakarana Bhasha gyan aur rachna
250 ## - EDITION STATEMENT
Edition statement 2रा संस्क
260 ## - PUBLICATION, DISTRIBUTION, ETC. (IMPRINT)
Place of publication, distribution, etc जयपुर
Name of publisher, distributor, etc श्री प्रकाशन
Date of publication, distribution, etc 2010
270 ## - ADDRESS
Address सी-393, हंस मार्ग, मालवीय नगर
City जयपुर
300 ## - PHYSICAL DESCRIPTION
Extent 436पृ
Dimensions 22सेमी (सजिल्द)
650 ## - SUBJECT ADDED ENTRY--TOPICAL TERM
Topical term or geographic name as entry element हिन्दी भाषा
General subdivision व्याकरण
9 (RLIN) 34325
650 ## - SUBJECT ADDED ENTRY--TOPICAL TERM
Topical term or geographic name as entry element Hindi language
General subdivision Grammar
9 (RLIN) 34326
700 ## - ADDED ENTRY--PERSONAL NAME
Personal name राघव प्रकाश
9 (RLIN) 34327
942 ## - ADDED ENTRY ELEMENTS (KOHA)
Source of classification or shelving scheme Dewey Decimal Classification
Item type Hindi Books
Call number suffix व्यावहा
Classification part 425
Holdings
Withdrawn status Lost status Source of classification or shelving scheme Damaged status Not for loan Collection code Home library Current library Date acquired Source of acquisition Cost, normal purchase price Total Checkouts Full call number Barcode Date last seen Copy number Cost, replacement price Koha item type
    Dewey Decimal Classification   Not For Loan Non-fiction D.B.Act.Division D.B.Act.Division 05/09/2011 DBAD / PUB 240.00   425 व्यावहा HN-66217 05/09/2011 1 240.00 Hindi Books

© Delhi Public Library
Hit Counter
free hit counter